000 00906nam a22003011 4500
001 51632
003 BD-RJUL
005 20211209075706.0
008 160831s19731968nyua b 000 0 eng
035 _aBD-RJUL 51752
035 _a(OCoLC)00192847
035 _aGLIS00565567
040 _aDLC
_cDLC
_dm.c.
_dRCD
_beng
041 _aeng
082 _223
_a658.4034
_bACF 1973
090 _aT57.6
_b.A182
099 _aT57.6.A182
100 1 _aAckoff, Russell Lincoln,
_d1919-2009.
_9154336
245 1 0 _aFundamentals of operations research /
_c[by] Russell L. Ackoff [and] Maurice W. Sasieni.
260 _aNew York :
_bWiley,
_c[1968]
300 _aix, 455 p. :
_bill. ;
_c24 cm.
504 _aIncludes bibliographies.
650 0 _aOperations research.
_9154337
700 1 _aSasieni, Maurice.
_9153622
942 _2ddc
_cBK
949 _aMYGD
_aMYGE
_aMYGR
_aMYGE
_aMYGD
999 _c51632
_d51632